000
00306nam a2200145Ia 4500
100
_a
Mclean W.G./ Nelson/E.W
250
_a
3
942
_c
BK
654
_a
Mechanics
245
_a
Engineering Mechanics
260
_b
Mc Graw Hill
_a
Singapore
_c
1983
300
_a
408
546
_a
ENGLISH
999
_c
29049
_d
29049